Statistics for Updated Top 5 cities in Rhode Island by Population

Click here to take the quiz!

General Stats

  • This quiz has been taken 23 times
  • The average score is 3 of 5

Answer Stats

CountyCity% Correct
ProvidenceProvidence
100%
ProvidenceEast Providence
50%
KentWarwick
50%
ProvidencePawtucket
29%
ProvidenceCranston
21%

Score Distribution

Percentile by Number Answered

Percent of People with Each Score

Your Score History

You have not taken this quiz